Normal view
MARC view
- Estrada Camara, Ruben
Entry Nombre Personal
001 - NUMERO DE CONTROL
- campo de control: 59196
003 - IDENTIFICADOR DE NUMERO DE CONTROL
- campo de control: MX-MxUPN
005 - FECHA Y HORA DE LA ÜLTIMA TRANSACCIÓN
- campo de control: 20260327143347.0
008 - DATOS DE LONGITUD FIJA
- campo de control de longitud fija: 260327nn acnnnaabn a aaa d
040 ## - FUENTE DE CATALOGACIÓN
- Agencia original de catalogación: MX-MxUPN
- Lenguaje de catalogación: spa
100 1# - ENCABEZAMIENTO - NOMBRE PERSONAL
- Nombre personal: Estrada Camara, Ruben
400 1# - VEÁSE - NOMBRE DE PERSONA
- Personal name: Camara, Ruben Estrada
670 ## - FUENTE EN LA QUE SE LOCALIZARON DATOS
- Cita de la fuente: Ceremonias y leyendas mayas, 1981 :
- Información localizada: portada (Rubén Estrada Cámara)
902 ## - CATALOGADOR
- Catalogador: VíctorGodínez/270326
